000 00322nam a2200109Ia 4500
008 220204s9999 xx 000 0 und d
082 _a5:061.6(540)
_bNAT
245 0 _aNational science policy and organisation of scientific research in India
260 _aUnesco
_c1972
650 _aScientific research policy
942 _cBK
999 _c23254
_d23254